| 000 | 01215nam a22003617a 4500 | ||
|---|---|---|---|
| 003 | CHAP | ||
| 005 | 20220817044059.0 | ||
| 008 | 060220d2004 mx r 00110 spa d | ||
| 010 | _a91729 | ||
| 011 | _a92701 | ||
| 020 | _a9253052597 | ||
| 035 | _a103266 | ||
| 040 | _cCHAP | ||
| 090 | _aFolleto 17032 | ||
| 110 | 2 |
_aFAO. Comisión del Codex Alimentarius _939482 |
|
| 245 | 1 | 0 |
_aAlimentos obtenidos por medios biotecnológicos _c/por FAO. Comisión del Codex Alimentarius |
| 260 |
_aRoma : _bFAO. Comisión del Codex Alimentarius, _c2004. |
||
| 300 | _a57 p. | ||
| 410 | 0 | 0 | _aFAO |
| 490 | 0 | _aPrograma conjunto FAO/OMS sobre normas alimentarias | |
| 590 |
_aBATCH-UPD _b10 _c20130110 _lUCH01 _h1357 |
||
| 590 |
_aBATCH-UPD _b10 _c20130410 _lUCH01 _h0851 |
||
| 590 |
_aBATCH-UPD _b10 _c20130914 _lUCH01 _h0210 |
||
| 590 |
_aCONVERSION _b10 _c20130109 _lUCH01 _h1351 |
||
| 650 | 1 | 4 |
_aAlimentos _xNormas de calidad. _94256 |
| 650 | 1 | 4 |
_aBiotecnología _xNormas. _912887 |
| 810 | 0 | _aFAO | |
| 830 | 0 |
_aPrograma conjunto FAO/OMS sobre normas alimentarias _992254 |
|
| 901 | _aBK | ||
| 905 | _aAlejandra Carrasco M. | ||
| 942 | _cFOLL | ||
| 949 |
_aFolleto 17032 _bBC _cFAO _d33724000991535 _eFAO1 _gDonacion _i103266 _sb |
||
| 999 |
_c91729 _d91729 |
||